| 000 | 00571nam a22001695i 4500 | ||
|---|---|---|---|
| 001 | 153631 | ||
| 003 | ES-MaACL | ||
| 005 | 20230906205321.0 | ||
| 008 | 041019s1882 fr |||| | fre d | ||
| 040 |
_aCAM _bspa _cCAM |
||
| 100 | 1 |
_aEnault, Louis. _947170 |
|
| 245 | 1 | 0 |
_aParis-Salon _b: 1882 / _cpar Louis Énault. |
| 260 |
_aParis : _bE. Bernard et C\pie\s, imprimeurs-éditeurs, _c1882 ( _fImp. E. Bernard) |
||
| 300 |
_av. ; _c22 cm. |
||
| 597 | _aT. II (sin paginar: 36 h. de lám.) | ||
| 852 |
_aES-MaACL _jF-11792 _z-- Enc. pasta española _q-- Solo 2me. volume |
||
| 999 |
_c153631 _d153631 |
||